Statistics for Countries with the highest HDI from A to Z

Click here to take the quiz!

General Stats

  • This quiz has been taken 180 times
  • The average score is 19 of 23

Answer Stats

-Countries% Correct
DDenmark
95%
FFinland
94%
UUnited Kingdom
94%
JJapan
93%
QQatar
92%
NNorway
91%
AAustralia
90%
CCanada
90%
OOman
89%
ZZambia
89%
BBelgium
88%
GGermany
88%
IIreland
88%
EEstonia
87%
SSwitzerland
87%
HHungary
82%
RRussia
80%
LLiechtenstein
79%
VVanuatu
77%
PPoland
76%
TTurkey
68%
KKazakhstan
63%
MMalta
51%

Score Distribution

Percentile by Number Answered

Percent of People with Each Score

Your Score History

You have not taken this quiz